Statistics for 2021 F1 Driver Standings

Click here to take the quiz!

General Stats

  • This quiz has been taken 10 times
  • The average score is 30 of 31

Answer Stats

PositionDriverTeam% Correct
Alfa Romeo
100%
Alpha Tauri
100%
Alpine
100%
18thAntonio Giovinazzi-
100%
Aston Martin
100%
5thCarlos Sainz Jr.-
100%
7thCharles Leclerc-
100%
8thDaniel Ricciardo-
100%
11thEsteban Ocon-
100%
Ferrari
100%
15thGeorge Russell-
100%
Haas
100%
16thKimi Raikkonen-
100%
13thLance Stroll-
100%
6thLando Norris-
100%
2ndLewis Hamilton-
100%
1stMax Verstappen-
100%
McLaren
100%
Mercedes
100%
19thMick Schumacher-
100%
17thNicholas Latifi-
100%
20thNikita Mazepin-
100%
9thPierre Gasly-
100%
Red Bull
100%
12thSebastian Vettel-
100%
4thSergio Perez-
100%
3rdValtteri Bottas-
100%
Williams
100%
14thYuki Tsunoda-
100%
10thFernando Alonso-
89%
21stRobert Kubica-
56%

Score Distribution

Percentile by Number Answered

Percent of People with Each Score

Your Score History

You have not taken this quiz